|
|
|
|
| LEADER |
00000nam a2200000 a 4500 |
| 001 |
vtls001289690 |
| 003 |
SK-MaSNL |
| 005 |
20260301064918.0 |
| 008 |
240315s1993 xo a y slo |
| 020 |
|
|
|c b.c.
|
| 035 |
|
|
|a SNK000241314
|
| 035 |
|
|
|a urn:nbn:sk:snk-amtj43
|
| 035 |
|
|
|a urn:nbn:sk:snk-am00c5q4
|
| 035 |
|
|
|a D6B49213-804A-479F-8369-57AD4B703002
|
| 040 |
|
|
|a SNK
|b slo
|c SNK
|e AACR2
|
| 041 |
0 |
|
|a slo
|
| 044 |
|
|
|a xo
|c SK
|
| 080 |
|
|
|a 631.582:631.45(437.67)
|2 1981
|
| 100 |
1 |
|
|a Riník, Emil
|4 aut
|9 287507
|
| 245 |
1 |
|
|a Vplyv štruktúry rastlinnej výroby, koncentrácie a striedania plodín na produktívnosť osevných postupov a zvyšovanie úrodnosti pôd Východoslovenskej nížiny
|b záverečná správa N 05 529 812 - 01/01
|c Emil Riník
|
| 260 |
|
|
|a Michalovce
|b Oblastný výskumný ústav agroekológie
|c 1993
|
| 300 |
|
|
|a 61 s., 14 tb. príl.
|c 30 cm
|
| 650 |
0 |
7 |
|a pôdy
|x úrodnosť
|x postupy osevné
|z Východoslovenská nížina (Slovensko)
|x správy výskumné
|2 SNK
|9 382895
|
| 651 |
|
7 |
|a Východoslovenská nížina (Slovensko)
|2 SNK
|9 19595
|
| 999 |
|
|
|c 628708
|d 630638
|
| 952 |
|
|
|t P60, <03>, [BOOK], {603}
|a SNK
|b SNK
|y PREZ
|7 0
|p 17A0066894
|o snkSB 57225
|i snkD 698/97
|0 0
|1 0
|4 0
|d 1997-06-06
|f 1
|l 0
|r 2025-04-09 00:00:00
|w 2026-02-23
|
| 952 |
|
|
|t P60, <04>, [BOOK], {604}
|a SNK
|b SNK
|y VYP
|7 0
|p 17A0066900
|o snkSB 57225 D1
|i snkD 699/97
|0 0
|1 0
|4 0
|d 1997-06-06
|l 0
|r 2005-01-02 00:00:00
|w 2026-02-23
|